[Event "Katowice Springs 2018"]
[Site "Katowice"]
[Date "2018.05.07"]
[Round "1"]
[White "Frolov, Artur"]
[Black "Krzywda, Andrzej"]
[Result "1/2-1/2"]
[WhiteElo "2432"]
[BlackElo "2163"]
[Annotator "TA"]
[PlyCount "77"]
[EventDate "2018.??.??"]
[EventType "swiss"]
[EventCountry "POL"]
[SourceTitle "playchess.com"]
[Source "ChessBase"]
[SourceQuality "1"]

{[%evp 19,77,53,61,63,62,54,53,40,47,48,43,31,38,7,40,28,26,25,79,77,98,51,60,49,43,46,70,75,126,126,120,87,91,50,79,0,0,0,0,-73,-59,-59,-56,-64,-62,-93,-91,-133,-127,-142,-130,-123,-114,-122,-110,-133,0,-112,0,-245]} 1. e4 c5 2. Nf3 e6 3. d4 cxd4 4. Nxd4 d6 5. c4 a6 6. Nc3 {B41: Sicilian: Kan Variation: 5 c4} b6 7. Be2 Bb7 8. O-O Nf6 9. f3 Qc7 (9... Be7 10. Be3 O-O 11. Qd2 Nbd7 12. Rac1 Rc8 13. Rfd1 Qc7 14. Kh1 Qb8 15. b4 Rfe8 16. Bf1 Bd8 17. Bg1 Kh8 18. Na4 Bc7 19. Rc2 h6 20. c5 b5 21. c6 bxa4 {1-0 (42) Bu,X (2697)-Jumabayev,R (2625) Chengdu 2017}) 10. Be3 Nbd7 {LiveBook: 54 Games} 11. Rc1 Be7 12. Qe1 O-O 13. Qg3 Rfe8 14. Rfd1 Rac8 15. Kh1 Qb8 16. b3 Bd8 $146 17. Bh6 $40 {[%csl Gh6][%cal Rg3g7][%mdl 128] [#] White is up to no good.} Nh5 18. Qh3 $1 gxh6 (18... Nhf6 $11) 19. Qxh5 $16 Rc5 20. Qg4+ ({Much worse is} 20. Qxh6 $6 Bg5 $11) 20... Kh8 21. f4 Nf6 22. Qf3 Rg8 23. Qe3 Ng4 (23... h5 $142) 24. Bxg4 Rxg4 25. h3 Rg7 26. Nf3 Bc7 27. f5 (27. Rc2 $16) 27... d5 $1 $11 28. e5 d4 29. Qxd4 (29. Rxd4 $11 Rxe5 30. Nxe5 Bxe5 31. Rg1) 29... Bxf3 $1 $17 30. gxf3 {[#] Threatens to win with f4.} Bxe5 31. Qd8+ Rg8 32. Qxb8 Bxb8 33. Rg1 (33. fxe6 $2 {leads to mate.} Rh5 34. Rd2 Rxh3+ 35. Rh2 Rxh2#) 33... Rxf5 34. Rxg8+ Kxg8 {KRB-KRN} 35. Kg2 Rg5+ 36. Kf2 Rh5 37. Kg2 Rg5+ 38. Kf2 Rh5 (38... Kf8 $17 39. Ne4 Bf4 40. Nxg5 Bxc1) 39. Ke1 $2 {Precision: White = 40%, Black = 55%.} (39. Kg2 $1 $11 {and White has nothing to worry.}) 1/2-1/2

[Event "Katowice Springs 2018"]
[Site "Katowice"]
[Date "2018.05.07"]
[Round "1"]
[White "Teclaf, Pawel"]
[Black "Shkuran, Danylo"]
[Result "1/2-1/2"]
[WhiteElo "2373"]
[BlackElo "2395"]
[Annotator "TA"]
[PlyCount "75"]
[EventDate "2018.??.??"]
[EventType "swiss"]
[EventCountry "POL"]
[SourceTitle "playchess.com"]
[Source "ChessBase"]
[SourceQuality "1"]

{[%evp 22,75,35,0,31,22,43,0,4,0,43,48,35,33,51,43,88,47,128,70,69,58,134,135,138,138,161,120,126,103,152,45,103,121,154,169,133,166,164,137,132,135,226,212,295,283,420,261,291,204,344,22,20,0,361,353]} 1. e4 c5 2. Nf3 e6 3. d4 cxd4 4. Nxd4 a6 5. Nc3 Qc7 6. g3 Nf6 7. Bg2 Bb4 {B43: Sicilian: Kan Variation: 5 Nc3} 8. O-O O-O 9. Bd2 Be7 10. Nb3 Nc6 11. f4 d6 12. g4 {[%cal Bg3g4,Bg4g5][%mdl 32] LiveBook: 13 Games} Re8 13. g5 Nd7 14. Rf3 b5 15. a3 Bf8 $146 ({Predecessor:} 15... Bb7 16. Rh3 g6 {1-0 (29) Fedorov,A (2595)-Khurtsidze,N (2390) Krasnodar 1998}) 16. Rh3 g6 17. Qg4 Bg7 18. Qh4 $36 {[%mdl 2048] Black is under pressure.} Nf8 $1 19. e5 d5 (19... dxe5 $14 20. fxe5 Rb8) 20. Qf2 (20. Bf1 $16) 20... Bb7 21. Ne2 Rac8 (21... Nd7 $14) 22. Ned4 $16 Nxd4 23. Nxd4 Qd8 24. Bf1 Nd7 {[#]} 25. Bb4 $1 h5 26. Nb3 (26. gxh6 $16 Bf8 27. Qg2) 26... Nxe5 ({Black should try} 26... Qb6 $14) 27. fxe5 {Strongly threatening Bg2.} Bxe5 28. Bg2 Qxg5 29. Rf1 f5 {...d4! would now be nice for Black.} 30. c3 Rc4 31. Nd2 Rf4 (31... Rg4 $16 {might work better.}) 32. Nf3 $18 Qf6 33. Qb6 Ba8 (33... Bc8 {is a better defense.} 34. Bc5 Qg7 35. Nxe5 Rxf1+ 36. Bxf1 Qxe5) 34. Qxa6 Bc7 35. Bc5 (35. Qxb5 Rb8 $18) 35... Rc4 (35... Rg4 $142 36. Rf2 (36. Qxb5 Rb8 $18) 36... Qf7) 36. Qa7 $2 (36. Qxb5 Rb8 $17) ({Better is} 36. Bd4 $18 Qe7 37. Re1 (37. Qxb5 Rb8 $11)) 36... Rc8 $1 $11 {[#] Threatens to win with ...Ra4.} 37. Qa6 $1 {[%csl LRb5,LRc8][%mdl 8192]} (37. Bb4 $11) 37... Re8 $1 $18 38. Bd4 {[%mdl 32768] Precision: White = 57%, Black = 38%. . An unexpected result.} ({And not} 38. Qxb5 Rb8 $17) 1/2-1/2

[Event "Katowice Springs 2018"]
[Site "Katowice"]
[Date "2018.05.07"]
[Round "1"]
[White "Molchanov, Oleksii"]
[Black "Molenda, Marcin"]
[Result "1-0"]
[WhiteElo "2355"]
[BlackElo "2383"]
[Annotator "TA"]
[PlyCount "141"]
[EventDate "2018.??.??"]
[EventType "swiss"]
[EventCountry "POL"]
[SourceTitle "playchess.com"]
[Source "ChessBase"]
[SourceQuality "1"]

{[%evp 24,141,0,-6,10,10,8,4,4,7,5,6,9,-12,0,0,40,-16,-16,-18,-12,-12,0,0,0,0,0,0,1,-16,-22,-24,-19,-42,-25,-15,-43,-40,-4,-32,-33,-34,-42,-29,-29,-33,-39,-32,-13,-55,-55,-64,-28,-52,-28,-36,106,100,74,90,87,87,245,213,241,242,245,237,242,238,233,230,268,268,246,118,212,147,379,324,499,499,451,414,447,414,632,584,479,219,238,190,197,97,216,0,190,97,702,693,705,684,680,680,675,670,566,255,766,663,1281,1241,1224,829,696,1058,943,830,723,699]} 1. d4 d5 2. c4 dxc4 3. Nf3 Nf6 4. e3 a6 5. Bxc4 e6 6. O-O c5 7. dxc5 Qxd1 8. Rxd1 Bxc5 9. Nc3 b5 10. Be2 Nbd7 11. b3 Bb7 12. Bb2 O-O 13. Rac1 {LiveBook: 5 Games. D27: Queen's Gambit Accepted: Classical main line: 7 e4!? and 7 a4} Rfd8 (13... Rac8 14. h3 Rfd8 15. a4 b4 16. Nb1 Ne4 17. Nbd2 Nxd2 18. Rxd2 Be7 19. Rcd1 Nc5 20. Rxd8+ Rxd8 21. Rxd8+ Bxd8 {½-½ (33) Cmilyte,V (2514)-Cramling,P (2525) Beijing 2013}) 14. a4 $146 ({Predecessor:} 14. h3 Rac8 15. Nd4 b4 16. Nb1 Nb6 17. Nd2 Nbd5 18. Bf3 Ba8 19. Nc4 Nd7 20. Kf1 {½-½ (20) Emad,T (2032)-Jamila,J (1767) Abu Dhabi 2007}) 14... b4 15. Nb1 {The position is equal.} Bf8 16. Nbd2 Nc5 17. Bd4 Nfd7 18. a5 f6 19. Rc4 Bc6 {[%cal Bb7c6,Bc6b5,Bb5c4][%mdl 32]} 20. Rc2 ({Better is} 20. Bxc5 $14 Bxc5 21. Rc2) 20... Bb5 $11 21. Bc4 Rab8 22. Bxc5 Bxc4 23. Bxf8 Bd3 24. Rc7 Nxf8 25. Nd4 {Nc6 is the strong threat.} Bb5 26. Rcc1 e5 27. Nxb5 Rxb5 28. Nc4 Rbd5 (28... Ne6 {is more complex.} 29. Rxd8+ Nxd8 30. g4 Nb7 31. Kg2 Kf7) 29. Rxd5 Rxd5 {[%mdl 4096] Endgame KRN-KRN} 30. g4 Ne6 31. Nb2 Nc5 32. Rc4 Nxb3 33. Rxb4 Nd2 34. Ra4 Kf7 35. Kg2 Ke6 36. h4 Kd6 37. Ra1 Rb5 38. Ra2 Kc6 39. Na4 Nc4 ({Reject} 39... Rxa5 $6 40. Rc2+ Kb5 41. Nc3+ Kb4 42. Na2+ Kb3 43. Rxd2 $16) (39... Nb3 $15 {stays ahead.}) 40. Rc2 $16 Rb4 41. Nb6 $1 {[%cal Rb6c4]} Kb5 42. Nd5 Rb3 $2 (42... Kxa5 $16 {was necessary.} 43. Kg3 (43. Nxb4 Kxb4 44. Kf3 a5 $11) 43... h6) 43. Nc7+ $18 Kb4 44. Nxa6+ Kxa5 45. Rxc4 Kxa6 {KR-KR} 46. Rc8 $1 Rb7 47. Kf3 Re7 48. Ke4 Kb7 49. Rc1 (49. Rh8 $18 {and White stays clearly on top.}) 49... g6 (49... Rc7 $16 50. Rf1 Rc4+ 51. Kf5 Kc7) 50. g5 f5+ $2 (50... Rf7 $16 {is a better defense.}) 51. Kd5 e4 (51... Kb8 $142 52. Rc6 e4) 52. Kd6 Rg7 53. Rc2 Kb6 54. Rb2+ Ka5 (54... Ka7 $142 55. Ke6 Ka6) 55. Ke5 Rc7 56. Kf4 (56. Kf6 $142 Ka6 57. h5 $1 {[%mdl 512]} Rc6+ 58. Kg7 Rc7+ 59. Kh6 gxh5 60. Kxh5) 56... Ka4 57. Kg3 Ka5 {[#]} 58. Rb1 (58. h5 $1 $18 {[%mdl 512] has better winning chances.}) 58... Rd7 (58... Ka6 $16) 59. Rb2 Rc7 $1 {[#]} 60. Rb8 (60. h5 $1 $18 {[%mdl 512]}) 60... Rc1 $2 {[%mdl 8192]} (60... Ka6 $16) 61. Rb7 Rg1+ 62. Kh2 Rg4 63. Kh3 Rg1 64. Rxh7 Kb4 65. Rc7 (65. Rg7 $142) 65... Rh1+ $2 (65... Kb5 66. Rg7 Kc6 67. Rxg6+ Kd5) 66. Kg3 {White is clearly winning.} Rg1+ 67. Kh2 Rg4 68. Kh3 Rg1 69. Rc6 Rh1+ 70. Kg3 Rg1+ 71. Kh2 {Precision: White = 50%, Black = 33%.} 1-0

[Event "Katowice Springs 2018"]
[Site "Katowice"]
[Date "2018.05.07"]
[Round "1"]
[White "Pacan-Milej, Kosma"]
[Black "Szustakowski, Antoni"]
[Result "1-0"]
[WhiteElo "2301"]
[BlackElo "2331"]
[Annotator "TA"]
[PlyCount "137"]
[EventDate "2018.??.??"]
[EventType "swiss"]
[EventCountry "POL"]
[SourceTitle "playchess.com"]
[Source "ChessBase"]
[SourceQuality "1"]

{[%evp 19,137,28,21,18,23,14,27,0,-4,-16,0,0,10,6,116,110,115,110,114,70,162,140,134,131,127,120,131,83,84,84,186,184,168,141,161,108,116,103,148,158,154,0,0,0,179,163,277,287,242,246,428,427,462,402,538,544,475,321,554,551,521,477,414,380,384,371,562,568,486,423,597,104,127,0,12841,1443,1370,237,381,0,0,0,0,0,0,0,2623,3242,1443,2285,1659,1327,1535,1431,12840,12840,12841,1347,1106,0,12841,12841,12842,12842,12843,12844,12845,12845,12846,12840,12841,12841,12841,12842,12842,12842,12843,12843,12846,12847]} 1. e4 e6 2. d4 d5 3. Bd3 dxe4 4. Bxe4 Nf6 5. Bf3 c5 6. Ne2 Nc6 {C01: French: Exchange Variation} 7. Be3 cxd4 (7... Nd5 8. Bxd5 Qxd5 9. Nbc3 Qxg2 10. Rg1 Qf3 11. Nb5 Rb8 12. dxc5 Bd7 13. Nc7+ Kd8 14. Nb5 {0-1 (54) Kramnik,V (2808)-Caruana,F (2808) Stavanger 2017}) 8. Nxd4 Ne5 9. Nc3 Be7 10. Qe2 Nxf3+ {LiveBook: 8 Games} 11. Qxf3 O-O 12. O-O-O {[%cal Ba1d1,Bd1d3,Bd3d5][%mdl 32] Hoping for Nxe6!} Qa5 13. Kb1 $146 ({Predecessor:} 13. g4 Nd5 14. Nxd5 exd5 {1-0 (52) Sevdimaliyev,U (2391)-Shahaliyev,I (2379) Baku 2017}) 13... Bd7 14. Rd3 b5 15. Rhd1 b4 16. Ne4 $1 {[%cal Re4f6]} Nd5 {[#]} (16... Bb5 $11) 17. Nf5 $1 $16 {[%mdl 512]} exf5 18. Rxd5 fxe4 19. Qh5 {[#]} (19. Rxa5 $2 exf3 20. Rxd7 fxg2 $19) 19... Qa4 (19... Bb5 $1 $14 {[%mdl 512]} 20. Rxb5 Qa4) 20. Rxd7 $18 Bf6 21. Qd5 Rac8 22. Qxe4 a5 23. g4 Rfe8 24. Qd3 b3 (24... Qc6 $16) 25. Qxb3 Qxg4 26. Qxf7+ Kh8 27. Bc1 (27. c3 $18) 27... Qf5 28. Rc7 Rb8 29. f4 $1 a4 30. b3 $2 ({White should play} 30. a3 $1 $16) 30... axb3 $11 31. axb3 $40 {[%mdl 128] White mounts an attack.} Rf8 $2 (31... Rxb3+ $11 {and Black stays safe.} 32. Qxb3 Qa5) 32. Qd5 $18 Ra8 (32... Qg4 $142 33. Bb2 Bxb2 34. Kxb2 Qxf4) 33. Bb2 Qxf4 34. Rf7 Rac8 $2 (34... Qf2 35. Bxf6 gxf6) 35. Bxf6 Rxf7 36. Qxf7 {[%csl Gf7][%cal Rf6g7]} gxf6 {[%mdl 4096] Endgame KQR-KQR} 37. Rd7 {[%csl Gd7][%cal Rf7h7]} Qh6 38. Re7 Rf8 $2 (38... Qg6 39. Qxg6 hxg6) 39. Re8 $1 {[%cal Re8f8]} Rxe8 40. Qxe8+ {KQ-KQ} Kg7 41. Qe7+ Kg6 42. Qe4+ Kf7 (42... Kg7 $142 43. h4 f5 44. Qxf5 Qxh4 45. Qd7+ Kf8 46. Qd6+ Kf7 47. Qd7+ Kg6 48. Qe8+ Kf5 49. Qc8+ Ke5 50. Qc7+ Ke6 51. Qc6+ Ke7 52. Qc5+ Kd7 53. Qd5+ Kc7 54. Qe5+ Kc6 55. Qe8+ Kc7 56. Qe5+ Kc6 57. Qe8+ Kd6 58. Qb8+ Kc6 59. Qc8+ Kd6 60. Qa6+ Kc7 61. Qa5+ Kc6 62. Qc3+ Kd7) 43. h4 Qh5 44. b4 f5 (44... Kf8 $142 45. Qc4 Qd1+ 46. Kb2 Qd6) 45. Qd5+ $2 (45. Qc4+ $18 {is the precise move to win.} Ke7 46. b5) 45... Ke7 $16 46. b5 (46. Qc5+ $16 Ke6 47. Qc4+ Ke5 48. b5) 46... Qg6 $2 {[%mdl 8192]} (46... Qxh4 $11 47. Qc5+ (47. Qxf5 Qb4+ 48. Ka2 Qa4+ 49. Kb1 Qb4+ 50. Kc1 Qe1+ 51. Kb2 Qb4+ 52. Kc1 Qe1+ 53. Kb2 Qb4+ 54. Kc1 $11) 47... Ke6) 47. Qb7+ (47. Qc5+ $142 Kd7 48. b6) 47... Kd8 $18 48. b6 $2 (48. Qb8+ Kd7 49. Qb7+ Kd8 50. Kb2) 48... Qg1+ (48... Qd6 {keeps fighting.} 49. Qa6 Qd1+ 50. Kb2 Qd5) 49. Ka2 $2 (49. Kb2 $1 $18 {Qc7+ is the strong threat.} Qc5 50. c3) 49... Qc5 $11 50. Qa8+ Kd7 $1 51. Qa7+ Ke6 52. Qc7 Qa5+ $2 {[%mdl 8192]} (52... Qxc7 $11 53. bxc7 Kd7) 53. Kb3 $18 Qb5+ 54. Kc3 Qa5+ 55. Kc4 Qa4+ 56. Kd3 $1 Qa3+ 57. c3 Qb2 58. Qc8+ (58. Qc6+ $142 Ke5 59. b7 Qb1+ 60. Kc4 Qf1+ 61. Kb4 Qb1+ 62. Ka5) 58... Kd6 59. Qc7+ (59. Qd8+ $142 Ke6 60. Qc8+ Kd6 61. Qc7+ Kd5 62. c4+ Ke6 63. Qc6+ Ke7 64. b7 Qb1+ 65. Kd4 Qg1+ 66. Ke5 Qe1+ 67. Kxf5 Qf2+ 68. Ke5 Qe2+ 69. Kd5 Qd2+ 70. Kc5 Qa5+ 71. Qb5 Qc7+ 72. Kb4) 59... Ke6 $1 60. b7 {White is clearly winning.} Qb1+ {[#]} 61. Kc4 $1 Qa2+ 62. Kb5 {Threatening mate with Qc4+.} Qb3+ 63. Ka6 Qa4+ 64. Kb6 Qb3+ 65. Ka7 Qa4+ {[#]} 66. Kb8 $1 f4 67. Qc8+ Ke7 68. Qc5+ Kd8 69. Qd4+ {Precision: White = 61%, Black = 47%.} 1-0

[Event "Katowice Springs 2018"]
[Site "Katowice"]
[Date "2018.05.07"]
[Round "1"]
[White "Bakalarz, Mietek"]
[Black "Piesik, Piotr"]
[Result "1-0"]
[WhiteElo "2288"]
[BlackElo "2372"]
[Annotator "TA"]
[PlyCount "121"]
[EventDate "2018.??.??"]
[EventType "swiss"]
[EventCountry "POL"]
[SourceTitle "playchess.com"]
[Source "ChessBase"]
[SourceQuality "1"]

{[%evp 12,121,26,2,22,-2,-4,-39,-27,-7,8,0,0,0,22,0,0,0,0,0,0,0,0,0,8,0,0,0,0,0,0,0,0,0,0,-9,0,0,11,14,33,27,56,56,56,58,58,69,73,50,85,82,81,79,125,75,75,41,43,47,56,61,106,95,84,86,83,68,131,131,148,167,266,254,274,261,265,270,893,879,879,613,4702,5081,4686,4133,29971,29972,29975,29976,29976,29976,29978,29979,29982,29983,29983,29981,29981,29982,29985,29986,29986,29987,29986,29987,29993,29989,29988,29989,29993,4598]} 1. d4 Nf6 2. Nf3 g6 3. Bf4 Bg7 4. e3 O-O 5. h3 d6 6. Be2 Nfd7 7. e4 {LiveBook: 6 Games. A48: 1 d4 Nf6 2 Nf3 g6: Torre, London and Colle Systems} Nc6 8. c3 e5 9. Be3 $146 {The position is equal.} ({Predecessor:} 9. dxe5 dxe5 10. Bg5 f6 11. Be3 Nb6 12. Nbd2 Be6 13. a4 a5 14. Bxb6 cxb6 {1-0 (35) Kamsky,G (2692)-Socko,B (2630) playchess.com INT 2006}) 9... Qe8 10. dxe5 Ndxe5 11. Nxe5 Nxe5 12. O-O Be6 13. Na3 Qc6 14. f3 Nc4 15. Nxc4 Bxc4 16. Bxc4 Qxc4 17. Qd2 Rae8 18. Bd4 f5 19. b3 Bxd4+ 20. cxd4 Qb5 21. Rfe1 fxe4 22. fxe4 Re7 23. Re2 Qh5 24. Rae1 Qh4 25. e5 d5 26. Rf2 Rxf2 27. Qxf2 Qxf2+ 28. Kxf2 $11 {[%mdl 4096] Endgame KR-KR} Rf7+ 29. Ke3 Kf8 30. b4 Ke7 31. b5 Kd7 32. Rc1 c6 33. bxc6+ bxc6 34. e6+ Kxe6 35. Rxc6+ Kd7 36. Ra6 Kc8 37. Ra5 Re7+ 38. Kf3 Rf7+ 39. Kg3 Rd7 ({Black should play} 39... Re7 $14) 40. Kf4 $16 Kb7 41. Ke5 Kb6 (41... Rf7 {was called for.} 42. Rxd5 Re7+ 43. Kf4 Kc7) 42. Rxd5 $18 Re7+ {[#]} 43. Kd6 $1 {[%cal Rd6e7]} Re2 44. a4 Rxg2 $2 (44... Kb7 45. Re5 Rxg2) 45. Rb5+ Ka6 46. Kc6 Rg3 47. d5 {[%cal Bd4d5,Bd5d6][%mdl 32]} Rxh3 48. Rc5 Rf3 49. d6 {White mates.} h5 50. d7 Rf8 51. Re5 Rd8 52. Kc7 Rxd7+ 53. Kxd7 {KR-K3P} h4 54. Re6+ Ka5 55. Rxg6 {KR-KPP} h3 56. Rg4 h2 57. Rh4 h1=B 58. Rxh1 a6 59. Kc6 Kb4 {[#]} 60. a5 $1 Kxa5 61. Ra1+ {Precision: White = 76%, Black = 41%.} (61. Kc5 $142 Ka4 62. Kc4 Ka3 63. Kc3 Ka2 64. Rh5 a5 65. Rxa5+ Kb1 66. Ra4 Kc1 67. Ra1#) 1-0

[Event "Katowice Springs 2018"]
[Site "Katowice"]
[Date "2018.05.08"]
[Round "2"]
[White "Frolov, Artur"]
[Black "Teclaf, Pawel"]
[Result "1/2-1/2"]
[WhiteElo "2432"]
[BlackElo "2373"]
[Annotator "TA"]
[PlyCount "50"]
[EventDate "2018.??.??"]
[EventType "swiss"]
[EventCountry "POL"]
[SourceTitle "playchess.com"]
[Source "ChessBase"]
[SourceQuality "1"]

{[%evp 20,50,22,19,35,19,18,17,14,-36,0,0,62,64,56,58,56,16,16,16,22,36,18,40,31,29,38,0,0,0,28,0,0]} 1. d4 Nf6 2. Nf3 g6 3. c4 Bg7 4. Nc3 d5 5. cxd5 Nxd5 6. e3 O-O 7. Bc4 Nb6 8. Bb3 Na6 9. O-O {D94: Grünfeld: 4 Nf3 Bg7 5 e3} c5 10. h3 Bf5 11. Qe2 {LiveBook: 6 Games} e5 $146 {[%cal Re5d4]} ({Predecessor:} 11... Rc8 12. Rd1 c4 13. Bc2 Bxc2 14. Qxc2 Nb4 15. Qe2 Nd3 16. Ne1 Nxe1 17. Qxe1 {1-0 (45) Tregubov,P (2575)-Kantans,T (2484) Katowice 2017}) 12. e4 ({Reject} 12. dxe5 Bd3 $17) 12... exd4 13. exf5 dxc3 14. fxg6 hxg6 (14... c4 {looks sharper.} 15. gxf7+ Rxf7 16. Ng5 Qe7 17. Qh5 cxb2 18. Bxb2 Bxb2 19. Rae1 cxb3 20. Rxe7 Rxe7 21. axb3 Nc7) 15. bxc3 $1 c4 (15... Rc8 $11) 16. Bxc4 $14 Nxc4 17. Qxc4 {Strongly threatening Ng5.} Rc8 18. Qb5 Rxc3 19. Bg5 Qd3 20. Qxb7 Rc7 21. Qb1 $1 {[%cal Rb1d3]} Qc4 22. Rc1 Qd5 {[#] White must now prevent ...Rb8.} 23. Rd1 Qc4 24. Rc1 Qd5 {And now ...Rb8 would win.} 25. Rd1 Qc4 1/2-1/2

[Event "Katowice Springs 2018"]
[Site "Katowice"]
[Date "2018.05.08"]
[Round "2"]
[White "Shkuran, Danylo"]
[Black "Molchanov, Oleksii"]
[Result "0-1"]
[WhiteElo "2395"]
[BlackElo "2355"]
[Annotator "NA"]
[PlyCount "80"]
[EventDate "2018.??.??"]
[EventType "swiss"]
[EventCountry "POL"]
[SourceTitle "playchess.com"]
[Source "ChessBase"]
[SourceQuality "1"]
[TimeControl "40/5400+30:1800+30"]

{[%evp 8,44,33,11,35,31,47,16,14,9,37,29,51,10,25,10,4,10,7,6,25,-11,25,32767,-22,-20,0,-33,-32,-32,-34,32767,-18,-37,15,-23,-7,-22,0]} 1. e4 {[%emt 0:01:09]} c5 {[%emt 0:00:18]} 2. Nf3 {[%emt 0:00:11]} e6 {[%emt 0:00:22]} 3. d4 {[%emt 0:00:15]} cxd4 {[%emt 0:00:07]} 4. Nxd4 {[%emt 0:00:09]} Nc6 {[%emt 0:00:39]} 5. Nc3 {[%emt 0:00:16]} Qc7 {[%emt 0:00:52]} 6. g3 {[%emt 0:00:17]} a6 {[%emt 0:00:52]} 7. Bg2 {[%emt 0:00:12]} Nf6 {[%emt 0:00:41]} 8. O-O {[%emt 0:00:15]} Nxd4 {[%emt 0:02:30]} 9. Qxd4 {[%emt 0:00:12]} Bc5 {[%emt 0:00:06]} 10. Qd3 {[%emt 0:02:24]} Ng4 {[%emt 0:13:58]} 11. Qe2 {[%emt 0:07:59] B47: Sicilian: Taimanov: 5 Nc3 Qc7 6 f4, 6 g3 and 6 Be2} h5 {[%emt 0:06:07] LiveBook: 5 Games} 12. Kh1 {[%emt 0:05:34]} b5 {[%emt 0:13:39]} 13. Bf4 $146 {[%emt 0:12:54]} ({Predecessor:} 13. e5 Bb7 14. Bf4 Bd4 15. Rae1 Bxc3 16. bxc3 Bxg2+ 17. Kxg2 Qxc3 18. Rd1 Rc8 {½-½ (34) Adams,M (2753)-Van Kampen,R (2607) Hoogeveen 2013}) 13... Ne5 {[%emt 0:15:13]} 14. h4 {[%emt 0:08:54]} Bb7 {[%emt 0:01:34]} 15. Rad1 {[%emt 0:08:02]} d6 {[%emt 0:04:58]} 16. Nb1 {[%emt 0:06:24]} Qb6 {[%emt 0:03:39]} 17. Bxe5 {[%emt 0:06:40]} dxe5 {[%emt 0:00:11]} 18. Nd2 {[%emt 0:00:13]} Be7 {[%emt 0:02:50]} 19. Nf3 {[%emt 0:05:11]} f6 {[%emt 0:02:03]} 20. Ne1 {[%emt 0:05:24]} Rc8 {[%emt 0:02:02]} 21. f4 {[%emt 0:02:26]} exf4 {[%emt 0:02:44]} 22. gxf4 {[%emt 0:06:49]} Qc7 $11 {[%emt 0:04:22]} 23. c3 {[%emt 0:07:23]} Qc4 {[%emt 0:01:14]} 24. Qxc4 {[%emt 0:01:04]} Rxc4 {[%emt 0:00:18]} 25. Rd4 {[%emt 0:00:42]} Rxd4 {[%emt 0:01:43]} 26. cxd4 {[%emt 0:00:09]} Kf7 {[%emt 0:00:07]} 27. Rf2 {[%emt 0:03:24]} Rd8 {[%emt 0:02:40]} 28. Nc2 {[%emt 0:00:29]} a5 {[%emt 0:07:17]} 29. Kh2 {[%emt 0:03:01]} b4 {[%emt 0:00:24]} 30. b3 {[%emt 0:03:39]} Rd7 {[%emt 0:01:16]} 31. Kg3 {[%emt 0:01:40]} Rc7 {[%emt 0:00:43]} 32. Rd2 {[%emt 0:01:16]} Rc3+ {[%emt 0:01:01]} 33. Kh2 {[%emt 0:00:48]} Ba6 {[%emt 0:01:18]} 34. f5 {[%emt 0:01:00]} Bd6+ {[%emt 0:00:54]} 35. Kg1 {[%emt 0:00:09]} exf5 {[%emt 0:01:56]} 36. exf5 {[%emt 0:00:03]} Bd3 {[%emt 0:00:42]} 37. Ne1 {[%emt 0:01:22]} Bxf5 {[%emt 0:00:14]} 38. Bd5+ {[%emt 0:00:23]} Kf8 {[%emt 0:00:20]} 39. Bc4 {[%emt 0:00:09]} Bf4 {[%emt 0:02:01]} 40. Rd1 {[%emt 0:00:10]} Bg4 {[%emt 0:30:49]} 0-1

[Event "Katowice Springs 2018"]
[Site "Katowice"]
[Date "2018.05.08"]
[Round "2"]
[White "Molenda, Marcin"]
[Black "Pacan-Milej, Kosma"]
[Result "1-0"]
[WhiteElo "2383"]
[BlackElo "2301"]
[Annotator "ChessBase"]
[PlyCount "61"]
[EventDate "2018.??.??"]
[EventType "swiss"]
[EventCountry "POL"]
[SourceTitle "playchess.com"]
[Source "ChessBase"]
[SourceQuality "1"]
[TimeControl "40/5400+30:1800+30"]

1. d4 {[%emt 0:00:00]} d5 {[%emt 0:00:09]} 2. c4 {[%emt 0:00:00]} c6 {[%emt 0:00:06]} 3. Nf3 {[%emt 0:00:00]} Nf6 {[%emt 0:00:05]} 4. e3 {[%emt 0:00:02]} a6 {[%emt 0:00:21]} 5. Bd3 {[%emt 0:00:26]} Bg4 {[%emt 0:00:32]} 6. Nbd2 {[%emt 0:00:13]} e6 {[%emt 0:00:55]} 7. O-O {[%emt 0:00:15]} Nbd7 {[%emt 0:00:16]} 8. Qc2 {[%emt 0:00:20]} Be7 {[%emt 0:01:32]} 9. b3 {[%emt 0:00:29]} O-O {[%emt 0:01:10]} 10. Bb2 {[%emt 0:00:30]} Bh5 {[%emt 0:03:24]} 11. Ne5 {[%emt 0:01:42]} Bd6 {[%emt 0:10:23]} 12. f4 {[%emt 0:00:49]} Bg6 {[%emt 0:02:52]} 13. Nxg6 {[%emt 0:00:36]} hxg6 {[%emt 0:00:08]} 14. c5 {[%emt 0:03:02]} Bc7 {[%emt 0:00:07]} 15. h3 {[%emt 0:01:26]} Nh5 {[%emt 0:40:15]} 16. Nf3 {[%emt 0:06:38]} Ng3 {[%emt 0:01:31]} 17. Rfc1 {[%emt 0:08:03]} Nf6 {[%emt 0:04:45]} 18. Bc3 {[%emt 0:09:48]} Nfe4 {[%emt 0:06:15]} 19. Be1 {[%emt 0:02:32]} Nf5 {[%emt 0:01:13]} 20. Qe2 {[%emt 0:03:00]} Qf6 {[%emt 0:13:47]} 21. Bxe4 {[%emt 0:05:33]} dxe4 {[%emt 0:00:09]} 22. Nd2 {[%emt 0:00:08]} Bxf4 {[%emt 0:04:56]} 23. exf4 {[%emt 0:00:26]} Qxd4+ {[%emt 0:00:09]} 24. Kh1 {[%emt 0:01:08]} e3 {[%emt 0:00:55]} 25. Nf3 {[%emt 0:03:22]} Qxf4 {[%emt 0:01:21]} 26. Rc4 {[%emt 0:00:10]} Qh6 {[%emt 0:02:24]} 27. Kh2 {[%emt 0:01:03]} g5 {[%emt 0:03:32]} 28. g4 {[%emt 0:01:56]} Ne7 {[%emt 0:00:11]} 29. Qxe3 {[%emt 0:01:18]} Qf6 {[%emt 0:00:07]} 30. Bc3 {[%emt 0:01:47]} Nd5 {[%emt 0:00:07]} 31. Qxg5 {[%emt 0:00:28]} 1-0